• 首页
  • 本馆介绍
  • 公告通知
  • 最新文献
  • 馆藏检索
  • 电子资源
  • 读者导购
  • 参考咨询
  • 我的图书馆
  • 登录
  • 详细信息显示
  • 放入我的书架
  • 预约/预借图书
  • 作者相关作品
  • 分类相关作品
  • 丛书相关作品
  • 出版社相关作品

书目信息

  • 表格格式
  • 工作单格式
  • 卡片格式
题名:
倡导与尝试
    
 
作者: 胡适 著
分册:  
出版信息: 哈尔滨   北方文艺出版社  2013.02
页数: 418页
开本: 25cm
丛书名: 胡适文选
单 册:
中图分类: C52 , I216.2
科图分类:
主题词: 中国文学--现代文学--作品集 , 中国文学 , 现代文学
电子资源:
ISBN: 978-7-5317-2854-2
000 01018oam2 2200325 450
001 010050043158
005 20130504150723.67
010    @a978-7-5317-2854-2@dCNY40.00
100    @a20130401d2013 em y0chiy50 ea
101 0  @achi
102    @aCN@b230000
105    @af z 000zy
106    @ar
200 1  @a倡导与尝试@9chang dao yu chang shi@f胡适[著]
210    @a哈尔滨@c北方文艺出版社@d2013.02
215    @a418页@c照片@d25cm
225 2  @a胡适文选
330    @a本书收录了胡适在新文化运动之初,倡导文学革命的论文及其尝试以白话文为载体进行创作的文学作品,包括:寄陈独秀、文学改良刍议、历史的文学观念论等。
333    @a文学爱好者
461  0 @12001 @a胡适文选@1701 0@a叶君@4主编
600  0 @a胡适@f(1891-1962)@j文集
600  0 @a胡适@f(1891-1962)
606 0  @a中国文学@x现代文学@x作品集
606 0  @a中国文学
606 0  @a现代文学
690    @aC52@v5
690    @aI216.2@v5
701  0 @a胡适@9hu shi@f(1891-1962)@4著
801  0 @aCN@b人天书店@c20130401
905    @b542527-31@dC52@e267@f5
    
    倡导与尝试/胡适[著].-哈尔滨:北方文艺出版社,2013.02
    418页:照片;25cm.-(胡适文选)
    使用对象:文学爱好者
    
    ISBN 978-7-5317-2854-2:CNY40.00
    本书收录了胡适在新文化运动之初,倡导文学革命的论文及其尝试以白话文为载体进行创作的文学作品,包括:寄陈独秀、文学改良刍议、历史的文学观念论等。
●
相关链接 在E读中查询图书 在五车中查询图书 在当当中查询图书 在豆瓣中查询图书


正题名:倡导与尝试     索取号:C52/267         预约/预借

序号 登录号 条形码 馆藏地/架位号 状态 备注
1 542527   205425271   第一样本阅览室/ [索取号:C52/267] 在馆    
2 542528   205425280   第一借阅区/ [索取号:C52/267] 在馆    
3 542529   205425299   第一借阅区/ [索取号:C52/267] 在馆    
4 542530   205425306   第一借阅区/ [索取号:C52/267] 在馆    
5 542531   205425315   第一借阅区/ [索取号:C52/267] 在馆    
唐山师范学院图书馆 欢迎您!
大连网信软件有限公司© 版权所有